000
00299nam a22001457a 4500
008
221005b ||||| |||| 00| 0 eng d
020
_a
6316327
041
_a
eng
080
_a
611
082
_a
611
100
_a
12.1
101
_a
NEU
245
_a
Neuroanatomy
_c
ELLIOTT. CH
942
_2
udc
_c
BK
999
_c
58344
_d
58344